[Event "BRA-ch 57th"]
[Site "Porto Alegre"]
[Date "1990.??.??"]
[Round "11"]
[White "Watanabe, Roberto Tadashi"]
[Black "Oliveira, Paulo Sergio De Cas"]
[Result "1/2-1/2"]
[WhiteElo "2255"]
[BlackElo "2205"]
[PlyCount "67"]
[EventDate "1990.10.05"]
[EventType "tourn"]
[EventRounds "11"]
[EventCountry "BRA"]
[EventCategory "2"]
[SourceTitle "EXT 2002"]
[Source "ChessBase"]
[SourceDate "2001.11.25"]
[SourceVersion "1"]
[SourceVersionDate "2001.11.25"]
[SourceQuality "1"]

1. e4 e5 2. Nf3 Nc6 3. Bb5 a6 4. Ba4 d6 5. d4 b5 6. Bb3 Nxd4 7. Nxd4 exd4 8. c3 Bb7 9. 0-0 Be7 10. cxd4 Bxe4 11. Nc3 Bg6 12. Bd5 Rb8 13. Bc6+ Kf8 14. Nd5 Bh4 15. Re1 Ne7 16. Nxe7 Bxe7 17. Bd2 d5 18. Qb3 Be4 19. f3 Rb6 20. Rac1 Qd6 21. fxe4 Rxc6 22. Rxc6 Qxc6 23. exd5 Qf6 24. Qe3 g5 25. Rf1 Qb6 26. Qe6 Qxe6 27. dxe6 f6 28. Bxg5 Kg7 29. Be3 Rd8 30. Rf5 c6 31. Kf2 Rd6 32. Kf3 Rxe6 33. d5 cxd5 34. Rxd5 1/2-1/2